| 000 | 00992nam a22003137a 4500 | ||
|---|---|---|---|
| 003 | CHAP | ||
| 005 | 20220329134917.0 | ||
| 008 | 971013s1972 r 00010 d | ||
| 010 | _a27936 | ||
| 011 | _a28908 | ||
| 035 | _a33019 | ||
| 040 | _cCHAP | ||
| 082 |
_a629.8 _bK5 |
||
| 100 | 0 | 0 |
_aKlapper, Jacob. _963407 |
| 245 | _aPhase-locked and frequency feedback systems ; principles and techniques | ||
| 260 |
_aNew York : _bAcademic Press, _c1972 |
||
| 300 | _a393 p. | ||
| 490 | _aElectrical science series | ||
| 590 |
_aBATCH-UPD _b10 _c20130110 _lUCH01 _h2057 |
||
| 590 |
_aBATCH-UPD _b10 _c20130410 _lUCH01 _h1410 |
||
| 590 |
_aBATCH-UPD _b10 _c20130914 _lUCH01 _h1854 |
||
| 590 |
_aCONVERSION _b10 _c20130109 _lUCH01 _h1316 |
||
| 650 | 1 | 4 |
_aParametrones. _985453 |
| 650 | 1 | 4 |
_aSistema de control por retroalimentación. _9106704 |
| 830 | 0 |
_aElectrical science series _936214 |
|
| 901 | _aBK | ||
| 942 | _cLIBRO | ||
| 949 |
_a629.8 K5 _bBC _cLIBRO _d33724000026456 _eLIBRO _h41707 _i33019 _si |
||
| 999 |
_c27936 _d27936 |
||